15 Najwartościowszych graczy Premier League - Statystyki

Ogólne statystyki
  • Ten quiz został rozwiązany 211 razy
    53 od ostatniego zresetowania
  • Średni wynik to 6 z 15
Statystyki odpowiedzi
Wartość Piłkarz % Poprawnych
130 mln Phil Foden
93%
180 mln Erling Haaland
90%
130 mln Bukayo Saka
79%
110 mln Declan Rice
52%
110 mln Rodri
48%
80 mln Ruben Dias
40%
80 mln Gabriel Martinelli
38%
80 mln William Saliba
36%
80 mln Bernardo Silva
33%
80 mln Enzo Fernandez
33%
95 mln Martin Odegaard
31%
90 mln Julian Alvarez
21%
80 mln Moises Caicedo
21%
85 mln Bruno Guimaraes
17%
75 mln Dominik Szoboszlai
14%
Nie znaleziono quizów pasujących do podanych kryteriów
Rozkład punktacji
Procent ludzi z każdym wynikiem
Percentyl według liczby udzielonych odpowiedzi
Twoja historia wyników
Nie rozwiązałeś tego quizu od ostatniego zresetowania